Construction Management (Record no. 533528)
[ view plain ]
| 000 -LEADER | |
|---|---|
| fixed length control field | 00207nam a22000977a 4500 |
| 040 ## - CATALOGING SOURCE | |
| Transcribing agency | DLC |
| 082 ## - DEWEY DECIMAL CLASSIFICATION NUMBER | |
| Classification number | 624.068 |
| Author Mark | HAR |
| 100 ## - MAIN ENTRY--PERSONAL NAME | |
| Personal name | Harris, Frank |
| 9 (RLIN) | 27470 |
| 245 ## - TITLE STATEMENT | |
| Title | Construction Management |
| 942 ## - ADDED ENTRY ELEMENTS (KOHA) | |
| Source of classification or shelving scheme | |
| Koha item type | Book |
| Withdrawn status | Lost status | Source of classification or shelving scheme | Damaged status | Not for loan | Permanent Location | Current Location | Date acquired | Total Checkouts | Full call number | Barcode | Date last seen | Date last checked out | Price effective from | Koha item type |
|---|---|---|---|---|---|---|---|---|---|---|---|---|---|---|
| School of Civil and Environmental Engineering (SCEE) | School of Civil and Environmental Engineering (SCEE) | 01/10/2020 | 2 | 624.068 HAR | NIT-614 | 02/06/2026 | 09/18/2025 | 01/10/2020 | Book |
